000 00458nam a2200181Ia 4500
008 131103s9999 xx 000 0 und d
040 _aLoreto College
041 _aEnglish
082 _a510/HOO
_bLCBED/3531
100 _aHooper, A.
245 2 _aA Mathematical refresher
_cA Hooper
260 _aEdinburgh
_bOliver
_c1944
300 _ax,383p.
_c 20cm.
504 _aIncludes index
650 _aMathematics
850 _aLCBED/510/HOO
942 _cBK
999 _c28338
_d78817